| 000 | 00000nam##2200000za#4500 |
| 001 | 9.562204 |
| 003 | CaOODSP |
| 005 | 20210624174233 |
| 007 | cr ||||||||||| |
| 008 | 150406|2003||||xxc|||||o f|0| 0 eng|d |
| 040 | |aCaOODSP|beng |
| 043 | |an-cn--- |
| 086 | 1 |aTU3-6/00-1E-PDF |
| 110 | 2 |aTransportation Safety Board of Canada. |
| 245 | 10|aCollision and derailment - Via Rail Canada Inc. passenger train no. 14, Mile 65.1, Newcastle subdivision, Miramichi, New Brunswick 30 January 2000 |h[electronic resource] |
| 260 | |aOttawa - Ontario : |bTransportation Safety Board of Canada |c2003. |
| 300 | |a71p.|bcoloured map, graph, illus. (some coloured), tables, photographs |
| 490 | 1 |aRailway investigation report |vR00M0007 |
| 590 | |a07-04-Supp|b2007-06-29 |
| 690 | 07|aRailway accidents|2gcpds |
| 775 | 08|tCollision et déraillement du train de voyageurs n° 14 de Via Rail Canada Inc. au point milliaire 65,1 de la subdivision Newcastle, à Miramichi (Nouveau-Brunwick) le 30 janvier 2000 |w(CaOODSP)9.594743 |
| 830 | #0|aRailway investigation report ;|vR00M0007|w(CaOODSP)9.504849 |
| 856 | 40|ahttp://publications.gc.ca|qPDF|s2039 KB|uhttps://publications.gc.ca/collections/collection_2007/tsb-bst/TU3-6-00-1E.pdf|yR00M0007 |